000 00371nam a2200145Ia 4500
008 210210b1935 xxu||||| |||| 00| 0 eng d
041 _aeng
082 _a884/1
100 _aDIKSHITAR RAMACHANDRA (Vi Ar)
245 _aMatsyapurANa
260 _aMadras
_bUniversity of Madras
_c1935
650 _aMatsyapurANa
690 _aSanskrit Purana & Smrithi
906 _a024409
999 _c149900
_d149900